00531nam a2200169 i 450000100060000000300090000600500170001500700030003200800410003510000250007624501200010125000130022126000600023430000220029470000240031685200210034031120ES-MaACL20230906154320.0t|030128s1915 fr ||||1| fre d1 aBaudelaire, Charles.13aLe spleen de Paris b: petits poemes en prose / cCharles Baudelaire ; edition revue... et publie par Ad Van Bever. a3eme ed. a[S.l. : bs.n., c1915] (eTours : fE. Arrault et Cie) a290 p. ; c18 cm.0 aBever, Adolphe van. aES-MaACLjF-3507